00646naa a22001577i 45000010005000000030009000050050017000140080040000310400029000710410008001001000163001082450084002717730105003559420013004609990015004739710KOSZ 00520180426150248.0180406s1997 ne ||||| ||||0|| ||eng  cKOSZ 005/HRaKOSZ 005/HR0 aeng aHRYNIEWICZ, Zdzisław.d1982-1999.bWyższa Szkoła Inżynierska w Koszalinie - Wydział Inżynierii Lądowej i Sanitarnej,cZakład Podstaw Projektowania aOn the range of applicability of Bourret approximation /cZdzisław Hryniewicz.0 iW:tApplied Mathematical Modelling. -dAmsterdam : Elsevier. -g1997, Vol. 21, s. 247-253x0307-904X cART2UKD c9710d9710